000 00712nam a2200217 a 4500
999 _c3141
_d3141
001 3141
003 BD-JhCC
005 20171111133028.0
008 171111s1361 bg |||| ||a| 000 0 ben d
035 _a(BD-JhCC)3141
040 _aBD-JhCC
_dBD-JhCC
041 _aben
082 _a891.4435
_bBIS 1361
100 _aবিশী, শ্রীপ্রমথনাথ
245 _aরবীন্দ্রনাথের ছোটগল্প /
_cশ্রীপ্রমথনাথ বিশী
260 _aকলিকাতা :
_bমিত্র ও ঘোষ পাবলিশার্স,
_c1361.
300 _aViriuse Page
_c21 cm.
650 _aShort Stories
942 _2ddc
_cBK